Sports Quiz

Random Sports or Baseball Quiz
Score 0/63 Timer 10:00
0 Plays Today
Top-5's Player % Correct
5 timesFrank Robinson
99.5%
4 timesBrooks Robinson
99.5%
5 timesWillie Mays
99.3%
5 timesHarmon Killebrew
98.6%
4 timesMickey Mantle
98.6%
3 timesHank Aaron
98.3%
3 timesRoberto Clemente
97.1%
3 timesSandy Koufax
96.9%
2 timesWillie McCovey
93.9%
2 timesAl Kaline
93.2%
2 timesRon Santo
92.5%
2 timesDon Drysdale
91.9%
1 timeErnie Banks
91.2%
2 timesBoog Powell
90.3%
2 timesOrlando Cepeda
90.3%
2 timesRoger Maris
89.8%
2 timesPete Rose
89%
1 timeCarl Yastrzemski
88.5%
1 timeTom Seaver
86.6%
1 time Bob Gibson
86.6%
2 timesElston Howard
86.4%
1 time Frank Howard
86.4%
1 timeReggie Jackson
86.2%
2 timesWhitey Ford
83.9%
1 time Norm Cash
80.1%
1 timeDick Allen
79.5%
2 timesTony Oliva
79.1%
2 timesMaury Wills
78.6%
1 time Denny McLain
77.9%
1 time Juan Marichal
76.4%
1 timeTommy Davis
73.7%
1 time Rocky Colavito
72.8%
Top-5's Player % Correct
1 timeJoe Torre
72.2%
1 time Ken Boyer
68.9%
2 timesDick Groat
67.6%
1 time Vada Pinson
66.9%
1 time Curt Flood
64.9%
2 timesBill Freehan
64.3%
1 time Deron Johnson
62.8%
1 timeZoilo Versalles
62.8%
1 time Willie Horton
61.8%
1 timeDave McNally
60.4%
1 time Tim McCarver
57.9%
1 time Dean Chance
57.4%
1 timeJim Gentile
54.2%
1 timeJim Kaat
53.5%
1 time Bill White
53.1%
1 timeFelipe Alou
51.4%
1 time Luis Tiant
50.8%
1 timeBobby Richardson
49.9%
1 time Johnny Callison
48.4%
1 timeLeon Wagner
46.9%
1 timeMinnie Minoso
40.7%
1 timeKen Harrelson
36.7%
1 timeJoe Horlen
25.1%
1 time Don Hoak
24.6%
1 time Joey Jay
23.1%
1 timeRon Perranoski
21.9%
1 timeDick Radatz
21.6%
1 timeRon Hansen
20.2%
1 time Lindy McDaniel
14.8%
1 timeEddie Fisher
8%
1 time Dick Donovan
7.8%
Remove Ads.
Support Sporcle.
Get the best of Sporcle when you Go Orange. This ad-free experience offers more features, more stats, and more fun while also helping to support Sporcle. Thank you for becoming a member.

You're not logged in!

Compare scores with friends on all Sporcle quizzes.
OR
Log In

Show Comments

Extras

Top Quizzes Today


Score Distribution

Your Account Isn't Verified!

In order to create a playlist on Sporcle, you need to verify the email address you used during registration. Go to your Sporcle Settings to finish the process.

Report this User

Report this user for behavior that violates our Community Guidelines.

Details: